[Event "Rheinland Pfalz op 5th"]
[Site "Worms"]
[Date "2013.06.02"]
[Round "7"]
[White "Baumann, Gerhard"]
[Black "Rosenberger, Frank"]
[Result "1/2-1/2"]
[WhiteElo "1876"]
[BlackElo "2143"]
[PlyCount "78"]
[EventDate "2013.05.30"]
[EventType "swiss"]
[EventRounds "7"]
[EventCountry "GER"]
[SourceTitle "EXT 2014"]
[Source "ChessBase"]
[SourceDate "2013.11.20"]
[SourceVersion "1"]
[SourceVersionDate "2013.11.20"]
[SourceQuality "1"]

1. d4 d5 2. c4 e6 3. Nc3 c6 4. e3 Nf6 5. Nf3 Nbd7 6. Qc2 Bd6 7. Be2 0-0 8. 0-0 dxc4 9. Bxc4 Qe7 10. Ne4 Bc7 11. Bd2 b6 12. Be2 Bb7 13. b4 Rac8 14. Nxf6+ Nxf6 15. Rfc1 h6 16. Rab1 Nd7 17. Bc3 Rfe8 18. e4 e5 19. dxe5 Nxe5 20. Nxe5 Bxe5 21. Bxe5 Qxe5 22. f3 c5 23. Qb2 Qxb2 24. Rxb2 cxb4 25. Rxc8 Rxc8 26. Rxb4 Rc1+ 27. Kf2 Rc2 28. Ra4 a5 29. Ke3 Kf8 30. Rc4 Rxc4 31. Bxc4 f6 32. Kd4 Ke7 33. g3 Bc6 34. Bd5 Be8 35. f4 Kd6 36. e5+ fxe5+ 37. fxe5+ Kc7 38. a3 Bg6 39. Bf3 Be8 1/2-1/2

[Event "Rheinland Pfalz op 5th"]
[Site "Worms"]
[Date "2013.05.31"]
[Round "4"]
[White "Baumann, Gerhard"]
[Black "Schalow, Daniel"]
[Result "0-1"]
[WhiteElo "1876"]
[BlackElo "2106"]
[PlyCount "34"]
[EventDate "2013.05.30"]
[EventType "swiss"]
[EventRounds "7"]
[EventCountry "GER"]
[SourceTitle "EXT 2014"]
[Source "ChessBase"]
[SourceDate "2013.11.20"]
[SourceVersion "1"]
[SourceVersionDate "2013.11.20"]
[SourceQuality "1"]

1. d4 d5 2. c4 dxc4 3. Nf3 c6 4. a4 Nf6 5. e3 Bg4 6. Bxc4 e6 7. 0-0 Bd6 8. Nc3 0-0 9. e4 e5 10. dxe5 Bxf3 11. Qxf3 Bxe5 12. Re1 Nbd7 13. Qe2 Qc7 14. g3 Rfe8 15. f3 Bxg3 16. hxg3 Qxg3+ 17. Kf1 Ne5 0-1

[Event "Baden-ch Seniors"]
[Site "Badenweiler"]
[Date "2009.06.06"]
[Round "8"]
[White "Mueller, Alfred Sr"]
[Black "Baumann, Gerhard"]
[Result "1/2-1/2"]
[WhiteElo "1581"]
[BlackElo "1912"]
[PlyCount "54"]
[EventDate "2009.06.01"]
[EventType "swiss"]
[EventRounds "9"]
[EventCountry "GER"]
[SourceTitle "EXT 2010"]
[Source "ChessBase"]
[SourceDate "2010.11.25"]
[SourceVersion "1"]
[SourceVersionDate "2010.11.25"]
[SourceQuality "1"]

1. d4 Nf6 2. c4 g6 3. Nc3 Bg7 4. e4 d6 5. Nf3 0-0 6. h3 e5 7. d5 a5 8. Bg5 h6 9. Be3 Na6 10. Qd2 Kh7 11. g4 Nc5 12. Bd3 Nxd3+ 13. Qxd3 Ng8 14. Qd2 Ne7 15. Nh2 f5 16. Qc2 f4 17. Bd2 c6 18. f3 Bf6 19. 0-0 Bd7 20. Be1 g5 21. Bf2 c5 22. b3 Kg7 23. Qd2 Rh8 24. a4 Rh7 25. Nb5 Bxb5 26. axb5 b6 27. Kg2 Qh8 1/2-1/2